La Spedizione Della Quinta Flotta

Uloženo v:
Podrobná bibliografie
Hlavní autor: Edmond Hamilton
Médium: Kniha
Jazyk:neznámý jazyk
Vydáno: Arnoldo Mondsatori
Tagy: Přidat tag
Žádné tagy, Buďte první, kdo vytvoří štítek k tomuto záznamu!

MARC

LEADER 00000nam a2200000Ia 4500
001 R-975
003 CODICE-MESSINA
005 20260212102500.0
008 260211s9999 xx 000 0 und d
040 |c importazione_messina 
100 |a Edmond Hamilton 
245 0 |a La Spedizione Della Quinta Flotta 
260 |b Arnoldo Mondsatori 
942 |2 ddc  |c BK 
952 |0 0  |1 0  |2 ddc  |4 0  |6 SCAFFALE_9_000000000000000__ROMANZI  |7 0  |9 31803  |a ME  |b ME  |d 2026-02-11  |l 0  |o SCAFFALE 9 - ROMANZI  |p R-975  |r 2026-02-11 23:52:47  |w 2026-02-11  |x [REVISIONARE]  |y BK 
999 |c 27468  |d 27468